000 01096nas a2200373 4500
001 BR0203475
003 BR-BrBNA
005 20231205103107.0
007 ta
008 230509b bl.|||p| |||| 00| 00por d
040 _aBR-BrBNA
_bpor
_cBiblioteca Nacional de Agricultura
041 _a(En)
072 _aL50
100 1 _aMazzi, C.M.
100 1 _aFerro, M.I.T.
100 1 _aCoelho, A.A.D.
100 1 _aSavino, V.J.M.
100 1 _aMacari, M.
100 1 _aFerro, J.A.
100 1 _aGivisiez, P.E.N.
100 1 _aGiachetto, P.F.
100 1 _aSilva, M.M.
100 1 _aDionello, N.J.L.
245 1 _aEffect of heat exposure on the thermoregulatory responses of selected naked neck chikens
650 _aFRANGO
650 _aTEMPERATURA
650 _aTERMORREGULAÇÃO
650 _aPESO
650 _aANTICORPO MONOCLONAL
650 _aVIGOR HÍBRIDO
773 0 _tArquivo Brasileiro de Medicina Veterinária e Zootecnia (Brazil)
_xISSN 0102-0935
_g(Feb 2002), v. 54(1) p. 35-41
_wBR0203475
909 _a202311
_bLúcia
_c55
_dLúcia Elande
942 _2AGRIS
_n0
_cANA
999 _c171031
_d171031